Python Programming: (Record no. 214103)

MARC details
000 -LEADER
fixed length control field 00620nam a22001937a 4500
005 - DATE AND TIME OF LATEST TRANSACTION
control field 20260114114558.0
010 ## - LCCN (DPL NO)
LC control number ENG-147462
020 ## - INTERNATIONAL STANDARD BOOK NUMBER
International Standard Book Number 9789367135440
Terms of availability 675.00
035 ## - SYSTEM CONTROL NUMBER
System control number EN-130994
037 ## - SOURCE OF ACQUISITION
Source of stock number/acquisition DBAD
082 ## - DEWEY DECIMAL CLASSIFICATION NUMBER
Classification number 005.133
Edition number 2
100 ## - MAIN ENTRY--PERSONAL NAME
Personal name taneja, Sheetal
245 ## - TITLE STATEMENT
Title Python Programming:
Remainder of title A Modular Approach/
Statement of responsibility, etc Sheetal taneja [and] Naveen Kumar
250 ## - EDITION STATEMENT
Edition statement 2
260 ## - PUBLICATION, DISTRIBUTION, ETC. (IMPRINT)
Place of publication, distribution, etc Noida
Name of publisher, distributor, etc Pearson India Education
Date of publication, distribution, etc 2026
270 ## - ADDRESS
Address 15th Floor, Towe-B, World Trade Tower, Plot No.1, Block-C, Sector-16
City Noida
Postal code 201301
300 ## - PHYSICAL DESCRIPTION
Extent 696p.
Dimensions 23cm(pb)
942 ## - ADDED ENTRY ELEMENTS (KOHA)
Source of classification or shelving scheme Dewey Decimal Classification
Item type English Books
Classification part 005.133
Call number suffix TAN
Holdings
Withdrawn status Lost status Not for loan Collection code Home library Current library Date acquired Source of acquisition Cost, normal purchase price Full call number Barcode Copy number Cost, replacement price Koha item type
      Non-fiction Janak Puri Janak Puri 14/01/2026 Delivery of Books Act Division 675.00 005.133 TAN EN-130994 1 675.00 English Books

© Delhi Public Library
Hit Counter
free hit counter